000
00320nam a2200133Ia 4500
008
191201s2006 xx 000 0 und d
082
_a
658.80285
_b
MIE
100
_a
MISHRA, Anuranjan
245
0
_a
Electronic Commerce
260
_a
N.Delhi
_b
Galgotia Pub. Pvt
_c
2006
300
_a
285
650
_a
MBA
942
_2
ddc
_c
BK
999
_c
3105
_d
3105